| 000 | 00611nam a2200217 a 4500 | ||
|---|---|---|---|
| 005 | 20210219152917.0 | ||
| 008 | 991125n 000 0 eng u | ||
| 035 | _aUPN01000066861 | ||
| 100 | 1 | _aNaj, Lindy | |
| 222 | _aLIBRARY SOFTWARE REVIEW | ||
| 245 | _aThe CARL system at the University of Hawaii UHM library | ||
| 300 | _a5-11 | ||
| 362 | 0 | _a1993 Vol. 12, no. 1 | |
| 653 | 0 | _aAPLICACION DE SISTEMAS COMPUTACIONALES | |
| 653 | 0 | _aCATALOGACION | |
| 653 | 0 | _aCATALOGOS EN LINEA | |
| 653 | 0 | _aFOTOGRAFIAS | |
| 653 | 0 | _aPROCESOS TECNICOS (BIBLIOTECAS) | |
| 904 |
_aAC _b004672 |
||
| 905 | _aArticulo | ||
| 999 |
_c63703 _d63703 |
||